|
|
|
|
| LEADER |
00000cam a2200000 7i4500 |
| 001 |
0000012383 |
| 005 |
20241021.0 |
| 008 |
231031 my a eng |
| 020 |
|
|
|a 9676553530 (hbk)
|
| 040 |
|
|
|a INS
|b eng
|e rda
|
| 090 |
0 |
0 |
|a RPE1625
|b .H67 2000
|
| 100 |
1 |
|
|a Hornby A. S. ,
|e author
|
| 245 |
1 |
0 |
|a Oxford Fajar advanced learner's English-Malay dictionary
|c A. S. Hornby
|f terjemahan Prof.Dato' Dr. Asmah Haji Omar
|
| 246 |
3 |
0 |
|a Advanced learner's English-Malay dictionary
|
| 264 |
|
1 |
|a Shah Alam :
|b Fajar Bakti Sdn Bhd
|c 2001
|
| 300 |
|
|
|a xvi, 2221 pages :
|b illustrations ;
|c 26 cm.
|
| 336 |
|
|
|a text
|2 rdacontent
|
| 337 |
|
|
|a unmediated
|2 rdamedia
|
| 338 |
|
|
|a volume
|2 rdacarrier
|
| 650 |
|
0 |
|a English language
|x Dictionaries
|
| 700 |
0 |
|
|a Asmah Haji Omar ,
|e editor
|
| 999 |
|
|
|a 0000008769
|b BOOK
|c Red Spot
|e Default branch
|
| 999 |
|
|
|a 0000009453
|b BOOK
|c Red Spot
|e Default branch
|
| 999 |
|
|
|a 0000009454
|b BOOK
|c Red Spot
|e Default branch
|
| 999 |
|
|
|a 0000009455
|b BOOK
|c Red Spot
|e Default branch
|
| 999 |
|
|
|a 0000009456
|b BOOK
|c Red Spot
|e Default branch
|
| 999 |
|
|
|a 0000009457
|b BOOK
|c Red Spot
|e Default branch
|
| 999 |
|
|
|a 0000012050
|b BOOK
|c Red Spot
|e Default branch
|